000
00195nam a22000857a 4500
041
_a
ENG
245
_a
Desing Practies of Irrigation Cahals in The Wrid
260
_a
Delhi
_b
ICID
_c
1972
300
_a
276
999
_c
3168
_d
3168